[Event "WY U-16 Chess Olympiad 2019"]
[Site "Corum"]
[Date "2019.11.03"]
[Round "7"]
[White "Isanzhulov, Arystan"]
[Black "Kasimov, Ali"]
[Result "1-0"]
[WhiteElo "2305"]
[BlackElo "2166"]
[Annotator "TA"]
[PlyCount "154"]
[EventDate "2019.10.28"]
[EventType "team-tourn"]
[EventCountry "TUR"]
[SourceTitle "playchess.com"]
[Source "ChessBase"]
[SourceQuality "1"]

1. d4 Nf6 2. Bg5 c5 3. d5 Qb6 4. Bc1 e6 5. Nc3 exd5 6. Nxd5 Nxd5 7. Qxd5 d6 8. Nh3 Be6 9. Qd1 Be7 10. Nf4 Qc6 11. e3 Nd7 12. Nxe6 fxe6 13. Qg4 Kf7 14. Be2 Nf6 15. Qh3 c4 16. O-O Qe4 17. Bd1 Rac8 18. f3 Qd5 19. c3 Qf5 20. Qg3 d5 21. Qf2 Bc5 22. Bc2 Qe5 23. Bd2 Rhf8 24. Rae1 Kg8 25. Qh4 Qh5 26. Qxh5 Nxh5 27. g3 b5 28. Kg2 g6 29. g4 Nf6 30. h4 Kf7 31. h5 Rg8 32. e4 gxh5 33. g5 h6 34. e5 hxg5 35. exf6 Kxf6 36. Rh1 h4 37. Kh3 Bf2 38. Re2 Bg3 39. Be3 a6 40. a4 e5 41. Rd1 Rcd8 42. axb5 axb5 43. Red2 Bf4 44. Bxf4 gxf4 45. Be4 dxe4 46. Rxd8 Rg3+ 47. Kxh4 exf3 48. Re1 f2 49. Rf1 Rd3 50. Rf8+ Ke7 51. Rg8 Rd2 52. Rg2 Rxb2 53. Rfxf2 Rb3 54. Rg5 Kd6 55. Rd2+ Kc6 56. Rxe5 Rxc3 57. Rd8 Rb3 58. Rc8+ Kb6 59. Kg4 f3 60. Kg3 Ka6 61. Rc6+ Ka5 62. Rxc4 Rb1 63. Kxf3 Rb3+ 64. Ke2 Rb2+ 65. Kd3 Rb1 66. Kc2 Rh1 67. Rce4 Rh2+ 68. Kb3 Rh3+ 69. Re3 Rh4 70. R5e4 Rh2 71. Ka3 Rh1 72. Re5 Rh8 73. Rf3 Rh7 74. Re8 Rh5 75. Ra8+ Kb6 76. Rf6+ Kc5 77. Rc8+ Kd5 1-0

[Event "WY U-16 Chess Olympiad 2019"]
[Site "Corum"]
[Date "2019.11.03"]
[Round "7"]
[White "Ceres, Dragos"]
[Black "Kilic, Eray"]
[Result "1/2-1/2"]
[WhiteElo "2302"]
[BlackElo "2001"]
[Annotator "TA"]
[PlyCount "62"]
[EventDate "2019.10.28"]
[EventType "team-tourn"]
[EventCountry "TUR"]
[SourceTitle "playchess.com"]
[Source "ChessBase"]
[SourceQuality "1"]

1. e4 c5 2. Nf3 Nc6 3. Bb5 g6 4. O-O Bg7 5. Nc3 e5 6. Bc4 Nge7 7. Ng5 O-O 8. Nxf7 Rxf7 9. Bxf7+ Kxf7 10. f4 exf4 11. d3 d5 12. Bxf4 Kg8 13. Bg5 dxe4 14. Nxe4 Bf5 15. Qe1 h6 16. Bf6 Bxf6 17. Nxf6+ Kg7 18. Ne4 Qd4+ 19. Kh1 c4 20. Ng3 cxd3 21. cxd3 Ne5 22. Rc1 Bxd3 23. Qd2 N7c6 24. Rf4 Qd7 25. h3 Rd8 26. Qe3 Qe6 27. b3 g5 28. Nh5+ Kh7 29. Rf2 Bg6 30. Nf6+ Kg7 31. Ng4 Rd3 1/2-1/2

[Event "WY U-16 Chess Olympiad 2019"]
[Site "Corum"]
[Date "2019.11.03"]
[Round "7"]
[White "Tadic, Stefan"]
[Black "Ozenir, Ekin Baris"]
[Result "0-1"]
[WhiteElo "2295"]
[BlackElo "2274"]
[Annotator "ChessBase"]
[PlyCount "94"]
[EventDate "2019.10.28"]
[EventType "team-tourn"]
[EventCountry "TUR"]
[SourceTitle "playchess.com"]
[Source "ChessBase"]
[SourceQuality "1"]

1. e4 e6 2. d4 d5 3. e5 c5 4. c3 Nc6 5. Nf3 Qb6 6. Bd3 Bd7 7. O-O cxd4 8. cxd4 Nxd4 9. Nbd2 Nc6 10. Nb3 Nge7 11. Be3 Qc7 12. Rc1 Ng6 13. Nc5 Be7 14. b4 Qb8 15. Nxd7 Kxd7 16. b5 Ncxe5 17. b6 axb6 18. Bb5+ Nc6 19. Bxb6 Rc8 20. Nd4 Bf6 21. a4 h6 22. Re1 Bg5 23. Rc2 Nge7 24. g3 Ke8 25. f4 Bf6 26. f5 e5 27. Nb3 Kf8 28. Bxc6 Rxc6 29. Rxc6 bxc6 30. a5 Kg8 31. Nc5 Nc8 32. Qb3 e4 33. Kh1 Be7 34. Rc1 Nxb6 35. axb6 Bxc5 36. Rxc5 Qb7 37. Rc1 Rb8 38. Rb1 c5 39. Qb5 Rc8 40. Ra1 Rb8 41. Qxc5 Qxb6 42. Qxd5 Qe3 43. Rf1 Rb2 44. Qd1 Rd2 45. Qg4 Qd3 46. Re1 Qc2 47. Qh5 e3 0-1

[Event "WY U-16 Chess Olympiad 2019"]
[Site "Corum"]
[Date "2019.11.03"]
[Round "7"]
[White "Runets, Ivan"]
[Black "Ajay Karthikeyan"]
[Result "1-0"]
[WhiteElo "2288"]
[BlackElo "2214"]
[Annotator "ChessBase"]
[PlyCount "117"]
[EventDate "2019.10.28"]
[EventType "team-tourn"]
[EventCountry "TUR"]
[SourceTitle "playchess.com"]
[Source "ChessBase"]
[SourceQuality "1"]

1. d4 Nf6 2. c4 e6 3. Nf3 d5 4. Nc3 Bb4 5. Qa4+ Nc6 6. e3 O-O 7. Qc2 b6 8. Bd2 a5 9. Bd3 Ba6 10. cxd5 Bxd3 11. Qxd3 exd5 12. Rc1 Rc8 13. O-O Re8 14. Ne2 Qd6 15. a3 Bxd2 16. Nxd2 Ne7 17. Rc2 g6 18. Rfc1 Kg7 19. Nc3 c6 20. Nf3 Nd7 21. Ne2 Ng8 22. Nf4 Ngf6 23. Qb3 c5 24. dxc5 bxc5 25. Rd1 Nb6 26. Qb5 a4 27. Nd3 Nfd7 28. Rdc1 Rc7 29. Qa5 Rec8 30. Rd1 Qf6 31. h3 Qf5 32. Qd2 Nf6 33. Qc1 Nc4 34. Nf4 Na5 35. Qd2 Nb3 36. Qd3 Qxd3 37. Rxd3 c4 38. Rd1 Rc5 39. g4 h6 40. Kg2 c3 41. Ne5 cxb2 42. Rxb2 Rc1 43. Rd3 R8c5 44. Ra2 Re1 45. Rb2 Ra1 46. Nexg6 Rxa3 47. Ne7 Ra1 48. Nfxd5 Nxd5 49. Rxd5 Rc7 50. Nf5+ Kh7 51. Rd6 Ra7 52. Rxh6+ Kg8 53. Rc2 Rc1 54. Ra2 Rc5 55. Ra3 Nd2 56. Rd3 Ra8 57. Rxd2 a3 58. Ra2 Rb5 59. Rc6 1-0

[Event "WY U-16 Chess Olympiad 2019"]
[Site "Corum"]
[Date "2019.11.03"]
[Round "7"]
[White "Aydincelebi, Kagan"]
[Black "Milosevic, Milos"]
[Result "0-1"]
[WhiteElo "2285"]
[BlackElo "2312"]
[Annotator "TA"]
[PlyCount "106"]
[EventDate "2019.10.28"]
[EventType "team-tourn"]
[EventCountry "TUR"]
[SourceTitle "playchess.com"]
[Source "ChessBase"]
[SourceQuality "1"]

1. e4 e6 2. d4 d5 3. Nc3 dxe4 4. Nxe4 Bd7 5. Nf3 Bc6 6. Bd3 Nd7 7. O-O Ngf6 8. Ng3 g6 9. b3 Bg7 10. Ba3 Bf8 11. Bb2 Bg7 12. Ba3 Bf8 13. Bxf8 Kxf8 14. c4 Kg7 15. Qe2 Bxf3 16. Qxf3 c6 17. Rfe1 Qb6 18. Rad1 a5 19. Qf4 Rhe8 20. h4 h5 21. c5 Qb4 22. Bc4 Rad8 23. Ra1 a4 24. a3 Qa5 25. b4 Qa7 26. Qg5 Nf8 27. Rad1 Qb8 28. Rd3 N8h7 29. Qd2 b5 30. cxb6 Qxb6 31. Ne2 Rd6 32. Nc3 Qa7 33. Re5 Red8 34. Rc5 Qe7 35. g3 Qd7 36. Nxa4 Ne4 37. Qb2 Nhf6 38. Re5 Rxd4 39. Nc5 Nxc5 40. Rxd4 Qxd4 41. Qxd4 Rxd4 42. Rxc5 Nd7 43. Rxc6 Ne5 44. Bb5 Nxc6 45. Bxc6 Rc4 46. Bg2 Rc1+ 47. Kh2 Ra1 48. b5 Rxa3 49. b6 Rb3 50. b7 Kf6 51. Bc6 Ke5 52. Kg2 Kd6 53. Bf3 f5 0-1

[Event "WY U-16 Chess Olympiad 2019"]
[Site "Corum"]
[Date "2019.11.03"]
[Round "7"]
[White "Hua, Eugene"]
[Black "Lukin, Elisha"]
[Result "1-0"]
[WhiteElo "2285"]
[BlackElo "2280"]
[Annotator "ChessBase"]
[PlyCount "42"]
[EventDate "2019.10.28"]
[EventType "team-tourn"]
[EventCountry "TUR"]
[SourceTitle "playchess.com"]
[Source "ChessBase"]
[SourceQuality "1"]

1. e4 e6 2. d4 d5 3. Nd2 c5 4. exd5 Qxd5 5. Ngf3 cxd4 6. Bc4 Qd7 7. O-O Nc6 8. Nb3 a6 9. Nbxd4 Nf6 10. Bg5 b5 11. Bb3 Nxd4 12. Nxd4 Bc5 13. c3 Bb7 14. a4 b4 15. Bxf6 gxf6 16. Bxe6 fxe6 17. Qh5+ Qf7 18. Qxc5 Rg8 19. f3 Rg5 20. Qb6 Bd5 21. c4 Qb7 1-0

[Event "WY U-16 Chess Olympiad 2019"]
[Site "Corum"]
[Date "2019.11.03"]
[Round "7"]
[White "Martins, Bruno Andre Leite"]
[Black "Briem, Stephan"]
[Result "1/2-1/2"]
[WhiteElo "2284"]
[BlackElo "2199"]
[Annotator "ChessBase"]
[PlyCount "112"]
[EventDate "2019.10.28"]
[EventType "team-tourn"]
[EventCountry "TUR"]
[SourceTitle "playchess.com"]
[Source "ChessBase"]
[SourceQuality "1"]

1. e4 e6 2. d4 d5 3. Nd2 c5 4. exd5 Qxd5 5. Ngf3 cxd4 6. Bc4 Qd8 7. O-O Nc6 8. Nb3 a6 9. Nbxd4 Nxd4 10. Qxd4 Qxd4 11. Nxd4 Bd7 12. Be2 Ne7 13. Bf3 Nc6 14. Nxc6 Bxc6 15. Bxc6+ bxc6 16. Rd1 Bc5 17. Bf4 Ke7 18. Rd3 Rhd8 19. Rad1 Rd5 20. c4 Rxd3 21. Rxd3 Rd8 22. Rxd8 Kxd8 23. Kf1 Bd4 24. b3 e5 25. Bd2 Kd7 26. Ke2 f5 27. f3 c5 28. Kd3 Kd6 29. Bc1 g6 30. h3 Ke6 31. a3 Kd6 32. b4 Kc6 33. Kc2 Kb6 34. Bg5 Kc6 35. g4 e4 36. fxe4 fxe4 37. Be7 Kd7 38. Bh4 Kc6 39. Be1 Kb6 40. Kb3 h5 41. gxh5 gxh5 42. Ka4 Bg1 43. Kb3 e3 44. Kc2 Bf2 45. Kd1 Bxe1 46. Kxe1 cxb4 47. axb4 a5 48. c5+ Kb5 49. c6 Kxc6 50. bxa5 Kb5 51. Ke2 Kxa5 52. Kxe3 Kb6 53. Kf4 Kc6 54. Kg5 Kd6 55. Kxh5 Ke7 56. Kg6 Kf8 1/2-1/2

[Event "WY U-16 Chess Olympiad 2019"]
[Site "Corum"]
[Date "2019.11.03"]
[Round "7"]
[White "Soto, Miguel Angel"]
[Black "Shubin, Kirill"]
[Result "1-0"]
[WhiteElo "2283"]
[BlackElo "2416"]
[Annotator "TA"]
[PlyCount "73"]
[EventDate "2019.10.28"]
[EventType "team-tourn"]
[EventCountry "TUR"]
[SourceTitle "playchess.com"]
[Source "ChessBase"]
[SourceQuality "1"]

1. e4 e6 2. d4 d5 3. Nd2 Nc6 4. c3 e5 5. dxe5 dxe4 6. Qa4 e3 7. fxe3 Nge7 8. Ngf3 Ng6 9. Bb5 Bd7 10. e6 fxe6 11. Qe4 Qe7 12. Nd4 Nge5 13. N2f3 Nxf3+ 14. Qxf3 Nd8 15. Bxd7+ Qxd7 16. O-O g6 17. e4 e5 18. Nc2 Bg7 19. Be3 Rf8 20. Qe2 Rxf1+ 21. Rxf1 Qe6 22. Nb4 c6 23. a4 Nf7 24. a5 Bf8 25. Qf2 Bxb4 26. cxb4 Kf8 27. Bxa7 Kg8 28. Bc5 Rd8 29. h3 Kg7 30. Qe2 Qa2 31. Qg4 Qc4 32. Qh4 Re8 33. Qf6+ Kg8 34. Rf3 Nd8 35. Qd6 Ne6 36. Qd7 Ng7 37. b3 1-0

[Event "WY U-16 Chess Olympiad 2019"]
[Site "Corum"]
[Date "2019.11.03"]
[Round "7"]
[White "Musyuk, Lior"]
[Black "Rodrigue-Lemieux, Shawn"]
[Result "1-0"]
[WhiteElo "2278"]
[BlackElo "2263"]
[Annotator "ChessBase"]
[PlyCount "97"]
[EventDate "2019.10.28"]
[EventType "team-tourn"]
[EventCountry "TUR"]
[SourceTitle "playchess.com"]
[Source "ChessBase"]
[SourceQuality "1"]

1. e4 c5 2. Nf3 d6 3. Bb5+ Nc6 4. O-O Bd7 5. Re1 a6 6. Bf1 Nf6 7. c3 e5 8. d4 Be7 9. a4 cxd4 10. cxd4 Bg4 11. d5 Nd4 12. Be3 Nxf3+ 13. gxf3 Bh5 14. Qb3 O-O 15. Bh3 Nd7 16. Qxb7 Nc5 17. Bxc5 dxc5 18. Qd7 Rb8 19. Nd2 Qxd7 20. Bxd7 Rxb2 21. Nc4 Rc2 22. Nxe5 Bf6 23. f4 g5 24. Rac1 Ra2 25. Bg4 Bxe5 26. Bxh5 gxf4 27. Re2 Rxa4 28. Rxc5 Ra1+ 29. Kg2 Kh8 30. Rd2 Ra3 31. d6 Rg8+ 32. Kf1 f3 33. Bxf3 Bf4 34. Rdd5 Rxf3 35. d7 Be3 36. Rc8 Bb6 37. Re5 Rxf2+ 38. Ke1 Rxh2 39. Rce8 Rhg2 40. R5e7 R2g7 41. Re5 h6 42. Rd5 Rg4 43. Rd6 Ba5+ 44. Kf2 R4g6 45. Rxg6 fxg6 46. e5 Kg7 47. e6 Rf8+ 48. Kg2 Bd8 49. e7 1-0

[Event "WY U-16 Chess Olympiad 2019"]
[Site "Corum"]
[Date "2019.11.03"]
[Round "7"]
[White "Svanda, Ondrej"]
[Black "Kuhar, Larisa"]
[Result "1-0"]
[WhiteElo "2268"]
[BlackElo "2030"]
[Annotator "ChessBase"]
[PlyCount "113"]
[EventDate "2019.10.28"]
[EventType "team-tourn"]
[EventCountry "TUR"]
[SourceTitle "playchess.com"]
[Source "ChessBase"]
[SourceQuality "1"]

1. e4 c5 2. Nf3 d6 3. Bb5+ Bd7 4. Bxd7+ Nxd7 5. O-O Ngf6 6. Qe2 e6 7. d4 cxd4 8. Nxd4 Be7 9. c4 O-O 10. Nc3 Rc8 11. b3 a6 12. Bb2 Re8 13. Rad1 Qc7 14. Qd2 Nc5 15. Rfe1 b6 16. Kh1 Qb7 17. Qe2 Rcd8 18. f4 h6 19. Nf3 Bf8 20. e5 dxe5 21. fxe5 Nh7 22. b4 Nd7 23. a3 Be7 24. Ne4 f5 25. Nd6 Bxd6 26. Rxd6 Rc8 27. Red1 Ndf8 28. Bd4 Rc6 29. c5 bxc5 30. Bxc5 Rec8 31. R1d4 Rxd6 32. Rxd6 a5 33. Qa6 Qxa6 34. Rxa6 axb4 35. axb4 Nd7 36. Be3 Rb8 37. Bd2 Nhf8 38. h3 Nb6 39. Nd4 Nc4 40. Bc3 Nxe5 41. Nxe6 Nxe6 42. Bxe5 Rb5 43. Bc3 Kf7 44. Ra5 Rxa5 45. bxa5 Nc5 46. Bd4 Na6 47. Kh2 g6 48. Kg3 Ke6 49. Bg7 h5 50. Kf4 Kd5 51. Kg5 h4 52. Kxg6 Ke4 53. Kg5 f4 54. Kxh4 Kf5 55. Bf8 Nc7 56. Bd6 Na6 57. Kh5 1-0

[Event "WY U-16 Chess Olympiad 2019"]
[Site "Corum"]
[Date "2019.11.03"]
[Round "7"]
[White "Peycheva, Gergana"]
[Black "Sargsyan, Tigran R."]
[Result "1/2-1/2"]
[WhiteElo "2246"]
[BlackElo "2321"]
[Annotator "TA"]
[PlyCount "67"]
[EventDate "2019.10.28"]
[EventType "team-tourn"]
[EventCountry "TUR"]
[SourceTitle "playchess.com"]
[Source "ChessBase"]
[SourceQuality "1"]

1. d4 d5 2. Nf3 Nf6 3. c4 c6 4. e3 Bf5 5. Nc3 e6 6. Nh4 Bg6 7. Nxg6 hxg6 8. Bd3 Nbd7 9. h3 Bd6 10. Bd2 dxc4 11. Bxc4 Qe7 12. Qe2 e5 13. d5 e4 14. dxc6 bxc6 15. Na4 Ne5 16. Bc3 Nfd7 17. Rd1 Nb6 18. Nxb6 axb6 19. Bxe5 Qxe5 20. a3 Rd8 21. Rd4 Bc7 22. Rxd8+ Bxd8 23. O-O Bc7 24. f4 exf3 25. Rxf3 O-O 26. Qc2 Qh2+ 27. Kf2 Qd6 28. Qb3 Qd7 29. a4 Be5 30. Kg1 Qc7 31. Qc2 Qd6 32. Qb3 Qc7 33. Qc2 Qd6 34. Qb3 1/2-1/2

[Event "WY U-16 Chess Olympiad 2019"]
[Site "Corum"]
[Date "2019.11.03"]
[Round "7"]
[White "Vettese, Nicholas"]
[Black "Shaul Seidner, Liad"]
[Result "1-0"]
[WhiteElo "2235"]
[BlackElo "1647"]
[Annotator "ChessBase"]
[PlyCount "55"]
[EventDate "2019.10.28"]
[EventType "team-tourn"]
[EventCountry "TUR"]
[SourceTitle "playchess.com"]
[Source "ChessBase"]
[SourceQuality "1"]

1. e4 c5 2. Nf3 e6 3. d4 cxd4 4. Nxd4 a6 5. Nc3 b5 6. a3 Bb7 7. f4 Bc5 8. Be3 Qb6 9. b4 Bf8 10. Qd2 Qc7 11. e5 d6 12. Ndxb5 axb5 13. Nxb5 Qd7 14. exd6 Na6 15. c4 Nf6 16. Rd1 Bc6 17. Nd4 Ba4 18. c5 Nb8 19. Rb1 Nc6 20. b5 Nxd4 21. Bxd4 Nd5 22. Bc4 Nf6 23. Be5 Qa7 24. c6 Bxd6 25. b6 Qa5 26. Qxa5 Rxa5 27. Bxd6 Bxc6 28. b7 1-0

[Event "WY U-16 Chess Olympiad 2019"]
[Site "Corum"]
[Date "2019.11.03"]
[Round "7"]
[White "Gevorgyan, Albert"]
[Black "Terziev, Dimo"]
[Result "1-0"]
[WhiteElo "2231"]
[BlackElo "2098"]
[Annotator "ChessBase"]
[PlyCount "95"]
[EventDate "2019.10.28"]
[EventType "team-tourn"]
[EventCountry "TUR"]
[SourceTitle "playchess.com"]
[Source "ChessBase"]
[SourceQuality "1"]

1. d4 Nf6 2. c4 g6 3. Nc3 Bg7 4. e4 d6 5. Be2 O-O 6. Be3 c5 7. d5 e6 8. Nf3 exd5 9. cxd5 Re8 10. Nd2 Nbd7 11. O-O a6 12. a4 Rb8 13. a5 b5 14. axb6 Qxb6 15. Nc4 Qc7 16. Bf4 Ne5 17. Nxe5 dxe5 18. Be3 Qd6 19. Ra5 Nd7 20. Qa1 Bf8 21. Bxa6 Bxa6 22. Rxa6 Rb6 23. Rxb6 Qxb6 24. Qa4 Qb7 25. h3 Ra8 26. Qc6 Qxc6 27. dxc6 Nb8 28. c7 Na6 29. Ra1 Nxc7 30. Rxa8 Nxa8 31. Nd5 c4 32. Kf1 f5 33. f3 f4 34. Bf2 Bd6 35. Ke2 Nc7 36. Nb6 c3 37. bxc3 Ne6 38. Kd3 Kf7 39. Kc4 Nc7 40. Nd5 Ke6 41. Nxc7+ Bxc7 42. Kc5 Ba5 43. c4 Bd2 44. Kc6 Be3 45. Be1 g5 46. Bb4 h5 47. Kb7 g4 48. c5 1-0

[Event "WY U-16 Chess Olympiad 2019"]
[Site "Corum"]
[Date "2019.11.03"]
[Round "7"]
[White "Brilej, Jaka"]
[Black "Sprenar, Petr"]
[Result "1/2-1/2"]
[WhiteElo "2177"]
[BlackElo "2329"]
[Annotator "TA"]
[PlyCount "50"]
[EventDate "2019.10.28"]
[EventType "team-tourn"]
[EventCountry "TUR"]
[SourceTitle "playchess.com"]
[Source "ChessBase"]
[SourceQuality "1"]

1. e4 e6 2. d4 d5 3. Nc3 Bb4 4. e5 c5 5. a3 Ba5 6. b4 cxd4 7. Qg4 Kf8 8. Nb5 Bb6 9. Nf3 Nc6 10. Bb2 Nge7 11. Nbxd4 Nxd4 12. Nxd4 Qc7 13. Be2 Bxd4 14. Bxd4 Nf5 15. O-O b6 16. c3 Bb7 17. Bd3 Nxd4 18. cxd4 Qe7 19. Rfc1 g6 20. Rc3 Rc8 21. Rac1 Kg7 22. Qf4 Rxc3 23. Rxc3 Rc8 24. Rxc8 Bxc8 25. Qc1 Bb7 1/2-1/2

[Event "WY U-16 Chess Olympiad 2019"]
[Site "Corum"]
[Date "2019.11.03"]
[Round "7"]
[White "Turcan, Richard"]
[Black "Daggupati, Balaji"]
[Result "1-0"]
[WhiteElo "2174"]
[BlackElo "2310"]
[Annotator "TA"]
[PlyCount "83"]
[EventDate "2019.10.28"]
[EventType "team-tourn"]
[EventCountry "TUR"]
[SourceTitle "playchess.com"]
[Source "ChessBase"]
[SourceQuality "1"]

1. e4 e5 2. Nf3 Nc6 3. Bb5 a6 4. Ba4 Nf6 5. O-O Be7 6. Re1 b5 7. Bb3 d6 8. c3 O-O 9. h3 Bb7 10. d4 Nd7 11. Nbd2 exd4 12. cxd4 Bf6 13. Nf1 Na5 14. Bc2 Re8 15. Rb1 c5 16. d5 Nc4 17. b3 Nce5 18. N3h2 Nb6 19. Ng3 g6 20. Bb2 c4 21. f4 Ned7 22. Bd4 Bxd4+ 23. Qxd4 Qh4 24. Ne2 Rac8 25. Nf3 Qd8 26. Rbc1 Rc5 27. b4 Rc8 28. Nc3 Qf6 29. Qd2 Ra8 30. Nd4 Rec8 31. a3 Re8 32. Rf1 Qg7 33. Rce1 Rac8 34. Bd1 Re7 35. Bf3 Rce8 36. Nc6 Bxc6 37. dxc6 Nf6 38. e5 dxe5 39. fxe5 Nh5 40. Bxh5 gxh5 41. Ne4 Kh8 42. Nd6 1-0

[Event "WY U-16 Chess Olympiad 2019"]
[Site "Corum"]
[Date "2019.11.03"]
[Round "7"]
[White "Itgelt, Khuyagtsogt"]
[Black "Kizilkus, Akin"]
[Result "1/2-1/2"]
[WhiteElo "2160"]
[BlackElo "2381"]
[Annotator "TA"]
[PlyCount "106"]
[EventDate "2019.10.28"]
[EventType "team-tourn"]
[EventCountry "TUR"]
[SourceTitle "playchess.com"]
[Source "ChessBase"]
[SourceQuality "1"]

1. d4 Nf6 2. Nf3 g6 3. Bg5 Bg7 4. Nbd2 O-O 5. e4 d6 6. Be2 c5 7. c3 h6 8. Bh4 Qc7 9. O-O b6 10. Re1 Bb7 11. d5 Nbd7 12. h3 a6 13. a4 Rfe8 14. Qc2 Rab8 15. Bg3 Bc8 16. Bf1 Nh7 17. Nc4 Ne5 18. Nfxe5 dxe5 19. f3 b5 20. axb5 axb5 21. Na5 Bd7 22. c4 e6 23. dxe6 Rxe6 24. Bf2 b4 25. Nb3 Bf8 26. Be3 Nf6 27. Qf2 Rc8 28. Ra5 Rc6 29. Rea1 Be6 30. Ra7 Qd8 31. Qh4 Nd7 32. Qxd8 Rxd8 33. Rd1 f6 34. Na5 Rb6 35. Nb3 Rbb8 36. Kf2 h5 37. h4 Be7 38. g3 Kf8 39. Rda1 Rdc8 40. R1a6 Rb6 41. Ra8 Rxa8 42. Rxa8+ Kf7 43. Be2 Rc6 44. Na5 Rc7 45. Ra6 Nf8 46. Nb3 Bc8 47. Ra5 Ne6 48. f4 Nd4 49. Nxd4 exd4 50. Bd2 Bd6 51. Bf3 Be7 52. Ra8 Be6 53. b3 Rc8 1/2-1/2

[Event "WY U-16 Chess Olympiad 2019"]
[Site "Corum"]
[Date "2019.11.03"]
[Round "7"]
[White "Samadashvili, Martha"]
[Black "Bochnicka, Vladimir"]
[Result "1/2-1/2"]
[WhiteElo "2155"]
[BlackElo "2087"]
[Annotator "ChessBase"]
[PlyCount "60"]
[EventDate "2019.10.28"]
[EventType "team-tourn"]
[EventCountry "TUR"]
[SourceTitle "playchess.com"]
[Source "ChessBase"]
[SourceQuality "1"]

1. e4 c5 2. Nf3 Nc6 3. Bb5 Nf6 4. Nc3 g6 5. e5 Ng4 6. Bxc6 dxc6 7. h3 Nh6 8. d3 Bg7 9. O-O O-O 10. Re1 b6 11. Bf4 Nf5 12. Ne4 Nd4 13. c3 Nxf3+ 14. Qxf3 Qd5 15. c4 Qd4 16. Bg5 Re8 17. Nf6+ exf6 18. exf6 Bf5 19. fxg7 Qxb2 20. Qxc6 Be6 21. a4 Qc3 22. Qd6 Kxg7 23. Rac1 Qd4 24. Qg3 Bf5 25. Bd2 Qxd3 26. Bc3+ f6 27. Qh4 Rxe1+ 28. Rxe1 Qxc3 29. Re7+ Kf8 30. Qxh7 Qc1+ 1/2-1/2

[Event "WY U-16 Chess Olympiad 2019"]
[Site "Corum"]
[Date "2019.11.03"]
[Round "7"]
[White "Vojta, Jakub"]
[Black "Herega, Nejc"]
[Result "1-0"]
[WhiteElo "2134"]
[BlackElo "1976"]
[Annotator "ChessBase"]
[PlyCount "123"]
[EventDate "2019.10.28"]
[EventType "team-tourn"]
[EventCountry "TUR"]
[SourceTitle "playchess.com"]
[Source "ChessBase"]
[SourceQuality "1"]

1. e4 e5 2. Nf3 Nf6 3. Nxe5 d6 4. Nf3 Nxe4 5. Nc3 Nxc3 6. dxc3 Be7 7. Be3 Nd7 8. Qd2 Nf6 9. O-O-O O-O 10. Bd3 c5 11. c4 b5 12. cxb5 a6 13. bxa6 Bxa6 14. Bxa6 Rxa6 15. a3 Qa8 16. Qd3 d5 17. Bg5 c4 18. Qd4 c3 19. Rd3 cxb2+ 20. Kb1 Rxa3 21. Rxa3 Qxa3 22. Qxb2 Qa7 23. Be3 Qa8 24. Nd4 Ba3 25. Qa1 Ne4 26. Nb3 Rb8 27. Rd1 h6 28. f3 Nd6 29. Bf4 Qa4 30. Rd3 Qxf4 31. Qxa3 Qxh2 32. Rxd5 Nc4 33. Qa7 Qh1+ 34. Ka2 Rf8 35. Rc5 Ne3 36. Nd4 Qxg2 37. Rc3 Nd5 38. Rc5 Ne3 39. Rc3 Qd2 40. Rd3 Qf2 41. Qa4 Rc8 42. Kb2 Nc4+ 43. Ka2 Nb6 44. Qb5 Ra8+ 45. Kb2 Rb8 46. Ka2 Qg3 47. Nc6 Ra8+ 48. Kb2 Qc7 49. Rd4 Nd7 50. Ne7+ Kf8 51. Rxd7 Qf4 52. Ng6+ fxg6 53. Qc5+ Kg8 54. Qd5+ Kh7 55. Qxa8 Qb4+ 56. Kc1 Qe1+ 57. Rd1 Qe3+ 58. Kb1 Qb6+ 59. Ka2 Qe6+ 60. Qd5 Qa6+ 61. Kb1 Qb6+ 62. Qb3 1-0

[Event "WY U-16 Chess Olympiad 2019"]
[Site "Corum"]
[Date "2019.11.03"]
[Round "7"]
[White "Chan, Yi Meng Ryan"]
[Black "Kwong, Wing Ki"]
[Result "0-1"]
[WhiteElo "2130"]
[BlackElo "1822"]
[Annotator "ChessBase"]
[PlyCount "68"]
[EventDate "2019.10.28"]
[EventType "team-tourn"]
[EventCountry "TUR"]
[SourceTitle "playchess.com"]
[Source "ChessBase"]
[SourceQuality "1"]

1. d4 d5 2. c4 c6 3. Nf3 Nf6 4. g3 e6 5. Bg2 Bb4+ 6. Bd2 Be7 7. Qc2 Nbd7 8. b3 Ne4 9. O-O O-O 10. Bf4 g5 11. Bc1 f5 12. Ne1 Bf6 13. Bb2 Bg7 14. f3 Nd6 15. Nd2 f4 16. g4 e5 17. cxd5 cxd5 18. b4 exd4 19. Nd3 Nb6 20. Nb3 Nbc4 21. Rfc1 Qe7 22. Kh1 Qe3 23. Rd1 b6 24. Rab1 Bd7 25. Ndc1 Nxb2 26. Rxb2 Nc4 27. Rd3 Qf2 28. h3 Nxb2 29. Qxb2 Qe1+ 30. Kh2 Bb5 31. Qd2 Qxd2 32. Rxd2 Rac8 33. Nd3 Bxd3 34. Rxd3 Rc3 0-1

[Event "WY U-16 Chess Olympiad 2019"]
[Site "Corum"]
[Date "2019.11.03"]
[Round "7"]
[White "Deng Yu Dong Michael"]
[Black "Navaratnam, Rohan Shan Tze"]
[Result "1-0"]
[WhiteElo "2130"]
[BlackElo "2061"]
[Annotator "ChessBase"]
[PlyCount "69"]
[EventDate "2019.10.28"]
[EventType "team-tourn"]
[EventCountry "TUR"]
[SourceTitle "playchess.com"]
[Source "ChessBase"]
[SourceQuality "1"]

1. d4 d5 2. c4 e6 3. Nc3 c5 4. cxd5 exd5 5. Nf3 Nc6 6. g3 Nf6 7. Bg2 Be7 8. O-O O-O 9. Bg5 cxd4 10. Nxd4 h6 11. Be3 Bg4 12. Rc1 Qd7 13. Nxc6 bxc6 14. Na4 Rfe8 15. Nc5 Bxc5 16. Rxc5 Re5 17. Qd4 Rae8 18. Rfc1 Bxe2 19. Rxc6 Ng4 20. Bf4 Re4 21. Bxe4 Rxe4 22. Rd6 Qf5 23. Rxd5 Qe6 24. Rd8+ Kh7 25. Qd5 Qg6 26. Rcc8 Qe6 27. Qh5 g6 28. Rh8+ Kg7 29. Rhg8+ Kh7 30. Rh8+ Kg7 31. Rcg8+ Kf6 32. Rxh6 Qf5 33. Qh4+ Ke6 34. Qd8 Nf6 35. Qd6# 1-0

[Event "WY U-16 Chess Olympiad 2019"]
[Site "Corum"]
[Date "2019.11.03"]
[Round "7"]
[White "Butvilas, Aistis"]
[Black "Vujovic, Savo"]
[Result "0-1"]
[WhiteElo "2116"]
[BlackElo "2040"]
[Annotator "ChessBase"]
[PlyCount "76"]
[EventDate "2019.10.28"]
[EventType "team-tourn"]
[EventCountry "TUR"]
[SourceTitle "playchess.com"]
[Source "ChessBase"]
[SourceQuality "1"]

1. d4 Nf6 2. c4 g6 3. Nc3 Bg7 4. e4 O-O 5. Nf3 d6 6. h3 e5 7. d5 a5 8. Be3 Na6 9. g4 h5 10. g5 Nd7 11. a3 Nac5 12. Qc2 a4 13. Nd2 c6 14. Be2 Qa5 15. Kf1 Nb8 16. Kg2 Nba6 17. Rad1 Rb8 18. Nf1 Nb3 19. Ng3 Nd4 20. Qd2 h4 21. Nf1 Nc5 22. Nh2 Ncb3 23. Qe1 Nc2 24. Qg1 Qd8 25. Nf3 Nbd4 26. Bc1 Nxf3 27. Bxf3 f5 28. Kf1 Nd4 29. Qg2 f4 30. Nxa4 b5 31. Nc3 b4 32. axb4 Rxb4 33. dxc6 Rxc4 34. Nd5 Rxc6 35. Bd2 Rc2 36. b4 Ba6+ 37. Kg1 Be2 38. Bxe2 f3 0-1